| 000 | 02417cam a22004934i 4500 | ||
|---|---|---|---|
| 003 | PE-LiUPU | ||
| 005 | 20250731184535.0 | ||
| 008 | 170810s2001 pe a rb 000 0 spa d | ||
| 020 | _a9972424340 | ||
| 020 | _a9789972424342 | ||
| 035 | _a(Sirsi) a238229 | ||
| 040 |
_aPE-LiUPU _bspa _cPE-LiUPU _erda |
||
| 049 | _aPRUA | ||
| 082 | 0 | 4 |
_a985.01 _bS36 _220 |
| 100 | 1 |
_aSegura Llanos, Rafael, _eautor. |
|
| 245 | 1 | 0 |
_aRito y economía en Cajamarquilla : _binvestigaciones arqueológicas en el conjunto arquitectónico Julio C. Tello / _cRafael, Segura Lanos. |
| 264 | 1 |
_aLima : _bFondo Editorial Pontificia Universidad Católica del Perú, _c2001. |
|
| 300 |
_a203 páginas : _bilustraciones ; _c24 centimetros |
||
| 336 |
_atext _2rdacontent |
||
| 337 |
_aunmediated _2rdamedia |
||
| 338 |
_avolume _2rdacarrier |
||
| 504 | _aBibliografía : páginas 187-203. | ||
| 505 | 0 | _aNotas priliminares sobre el sitio arqueológico de Cajamarquilla y antecedentes de investigación -- Excabaciones del proyecto arquiológico -- Cajamarquilla (PAC) en el conjunto arquitectónico Julio C. Tello -- Los contextos arqueológicos del R-105: descripción analítica de pozos y depresiones -- Contenido y procesos de depresión en los contextos del R-105 -- Alfarería de los contextos del R-105. análisis y resultados -- Relaciones cronológicas de la alfarería de los contextos del R-105 -- Los eventos en el R-105. un ensayo de interpretación -- Estrategia económica y arquitectura: algunos plantamientos desde el conjunto J. C. Tello. | |
| 526 | _aP136 | ||
| 526 | _aP135 | ||
| 526 | _aP134 | ||
| 526 | _aP133 | ||
| 526 | _aP144 | ||
| 526 | _aP143 | ||
| 526 | _aP87 | ||
| 526 | _aP35 | ||
| 526 | _aP20 | ||
| 526 | _aP14 | ||
| 526 | _aP10 | ||
| 526 | _aP06 | ||
| 650 | 0 | 4 |
_aExcavaciones arqueológicas _zPerú. |
| 910 |
_ajck _bjvq _cjpc _d20170810 |
||
| 942 |
_2ddc _cBOOK |
||
| 949 |
_a985.01 S36 _wDEWEY _c1 _i76317 _lCATALOGING _mBUL _p27.00 _r0 _sY _tBOOK _u2017-08-10 _xINGENIERIA _PP06 _0COMPRA _o.STAFF. Colección Ingeniería y Arquitectura |
||
| 994 |
_aC0 _bPEPRU |
||
| 596 | _a1 | ||
| 999 |
_a985.01 S36 _wDEWEY _c24932 _i76317 _f2021-11-8 _g4 _lCCODEBUL1 _mBUL _p27.00 _r0 _sY _tBOOK _u2017-8-10 _xBIBLIOTECA _PP06 _0COMPRA _o.STAFF. Colección Ingeniería y Arquitectura _d24932 |
||
| 980 |
_81 _gALBERTO SANCHEZ Responsable de Automatización |
||